Statistics for Most Important Cities in History

Click here to take the quiz!

General Stats

  • This quiz has been taken 281 times
    (173 since last reset)
  • The average score is 13 of 20

Answer Stats

RankCity% Correct
5Paris
100%
3London
99%
1Rome
96%
6New York City
94%
14Moscow
90%
19Beijing
88%
7Istanbul
84%
8Athens
83%
2Jerusalem
66%
13Venice
58%
18Vienna
58%
17Amsterdam
55%
4Baghdad
55%
10Alexandria
50%
11Florence
49%
15Naples
46%
16Lisbon
42%
20Mecca
38%
9Xi'an
23%
12Luoyang
9%

Score Distribution

Percentile by Number Answered

Percent of People with Each Score

Your Score History

You have not taken this quiz since the last reset